| 000 | 04430nam a2200409 i 4500 | ||
|---|---|---|---|
| 003 | EG-GICUC | ||
| 005 | 20260203155458.0 | ||
| 008 | 260203s2025 ua |||f m||| 00| 0 ara d | ||
| 040 |
_aEG-GICUC _cEG-GICUC _dEG-GICUC _erda _bara |
||
| 041 | 0 | _aara | |
| 049 | _aإهداء | ||
| 082 | 0 | 4 |
_a347.062 _221 |
| 097 | _aPh.D | ||
| 099 | _aLaw 05 PHD 2025 | ||
| 100 | 0 |
_aفيصل خلف جلعود العتيبي _eمؤلف. |
|
| 245 | 1 | 0 |
_aالوساطة كإجراء اتفاقي أو إلزامي لتسوية المنازعات التجارية في بعض التشريعات (دراسة تطبيقية تحليلية في إطار منهج مقارن وخاصة في إطار القانون الكويتي) / _cإعداد فيصل خلف جلعود العتيبي؛ إشراف الأستاذ الدكتور سامي عبدالباقي أبو صالح. |
| 264 | 0 |
_aالقاهرة: _bكلية الحقوق- جامعة القاهرة، _c2025. |
|
| 300 |
_a322 صفحة؛ _c25 سم. |
||
| 336 |
_atext _2rda content |
||
| 337 |
_aComputer _2rda media |
||
| 338 |
_aOnline Resource _2rda carrier |
||
| 500 | _aرسائل نسخة منفردة | ||
| 500 | _aتحتوي علي صفحة عنوان باللغة الأنجليزية | ||
| 502 | _a أطروحة (دكتوراة)- جامعة القاهرة، كلية الحقوق، قسم القانون التجاري، 2025. | ||
| 504 | _aببليوجرافيا: صفحات 282-315 | ||
| 520 | 3 | _aتعد مشكلة العدالة واقتضاء الحقوق من المشكلات الجوهرية التي يواجهها رجال القانون والمفكرون داخل المجتمعات على مر العصور. وعلى العموم فإن الوصول إلى مرفق العدالة الحق في التقاضي هو أساس إنفاذ سيادة القانون في الدولة، وهو محور نظامها القانوني وأساس مشروعيتها. لذلك فقد كفلت الدساتير هذا الحق الحماية حقوق الأفراد وحرياتهم الأساسية، وحفلت المواثيق الدولية بتقرير هذا الحق بكافة صورة فالاتجاه العالمي الحالي هو العزوف عن نظم التقاضي التقليدية إلى نظم ودية بديلة لتسوية المنازعات وخاصة ذات الطابع المالي والتجاري. فهي تحقق الغاية الأساسية من إقرار هذه النظم والمتمثلة في تخفيف العبء عن الجهاز القضائي، وتوفير الوقت والجهد والمال الأطراف النزاع. هذا إلى جانب الدور الاقتصادي والتنموي الذي تلعبه هذه النظم والذي أثبتته الدراسات. كما أن للنظم الودية البديلة لتسوية المنازعات دوراً لا يمكن إغفاله في حل الكثير من المنازعات الأسرية - النكاح، أو الصداق، أو الطلاق وما يترتب عنه، والنسب - والتي يمتد خطرها - والمتمثل في عدم الوصول إلى حل عادل وملائم الأطرافها - إلى الأبناء الذين يؤدى تعرضهم لخطر الانحراف تحت هذه المشكلات إلى ظهور العديد من المشاكل والظواهر الاجتماعية السلبية كأطفال الشوارع والأطفال الجانحين، وقد يتجاوزه الأمر إلى بعض الجرائم التي قد تنشب بين الأصول والفروع والأقارب. | |
| 546 | _aالملخص باللغة العربية | ||
| 650 | 0 | 4 | _aالقانون التجاري |
| 653 | 0 |
_aالحق في التقاضي _aأساس إنفاذ سيادة القانون في الدولة _aالنكاح _aتخفيف العبء عن الجهاز القضائي _aتوفير الوقت والجهد والمال لأطراف النزاع |
|
| 655 | 4 |
_aرسائل جامعية _zجامعة القاهرة _xالقانون التجاري |
|
| 700 | 0 |
_aسامي عبدالباقي أبو صالح _eمشرف. |
|
| 710 | 2 |
_aجامعة القاهرة. _bكلية الحقوق |
|
| 856 | _uhttps://fll.law.cu.edu.eg/fulltext/th/T05-02829.pdf | ||
| 900 |
_b2025 _Uجامعة القاهرة _Fكلية الحقوق _Dقسم القانون التجاري |
||
| 905 | _a64 | ||
| 942 |
_2ddc _cTH _e21 _n0 |
||
| 999 | _c60670 | ||